<?xml version="1.0" encoding="UTF-8"?>
<marc:record xmlns:marc="http://www.loc.gov/MARC21/slim">
   <marc:leader>00000nam a2200000 a 4500</marc:leader>
   <marc:datafield ind1="1" ind2=" " tag="100">
      <marc:subfield code="a">Yoshimoto, Banana</marc:subfield>
      <marc:subfield code="4">aut</marc:subfield>
      <marc:subfield code="e">Verfasser/-in</marc:subfield>
   </marc:datafield>
   <marc:datafield ind1="0" ind2="0" tag="245">
      <marc:subfield code="a">Moshi Moshi</marc:subfield>
   </marc:datafield>
   <marc:datafield ind1="0" ind2="0" tag="245">
      <marc:subfield code="b">Roman</marc:subfield>
   </marc:datafield>
   <marc:datafield ind1="0" ind2="0" tag="245">
      <marc:subfield code="c">Banana Yoshimoto. Aus dem Japan. von Matthias Pfeifer</marc:subfield>
   </marc:datafield>
   <marc:datafield ind1=" " ind2="1" tag="264">
      <marc:subfield code="a">Zürich</marc:subfield>
      <marc:subfield code="b">Diogenes</marc:subfield>
      <marc:subfield code="c">2015</marc:subfield>
   </marc:datafield>
   <marc:datafield ind1="1" ind2=" " tag="520">
      <marc:subfield code="a">Angaben aus der Verlagsmeldung

Moshi Moshi Moshi Moshi Shimokitazawa / von Banana Yoshimoto

Die zwanzigjährige Yotchan steht vor dem Nichts, als ihr Vater, Leader einer Rockband, plötzlich zusammen mit einer wildfremden Frau Selbstmord begeht. Mit ihrer Mutter findet sie Zuflucht in einer ungewöhnlichen WG in Tokios Künstler- und Szeneviertel Shimokitazawa. Dort findet jede auf ihre Art zu neuer Lebensfreude zurück, getragen von dem authentischen Stadtviertel und seinen Bewohnern.
Kochkunst, Essenslust und eine bewegte Reifungs- und Liebesgeschichte – eine asiatisch weise Verführung zum Leben.
</marc:subfield>
   </marc:datafield>
   <marc:datafield ind1=" " ind2=" " tag="020">
      <marc:subfield code="a">9783257069310</marc:subfield>
      <marc:subfield code="9">9783257069310</marc:subfield>
   </marc:datafield>
   <marc:datafield ind1=" " ind2=" " tag="020">
      <marc:subfield code="a">3257069316</marc:subfield>
      <marc:subfield code="9">3257069316</marc:subfield>
   </marc:datafield>
   <marc:datafield ind1=" " ind2=" " tag="300">
      <marc:subfield code="a">292 S.</marc:subfield>
   </marc:datafield>
</marc:record>
